Ajuntament de Santa Margarida i els Monjos : informació municipal informació municipal
Descripción Física:
1 fulletó ; 4 pàgs. ; 10 x 20 cm.
Idioma:
Catalán
MARC
| LEADER | 00000nam a22000007a 4500 | ||
|---|---|---|---|
| 001 | 27809 | ||
| 003 | Arxiu | ||
| 005 | 20260324181515.0 | ||
| 008 | 230508b spa||||| |||| 00| 0 cat d | ||
| 017 | |a B 20679-2018 | ||
| 040 | |a agdb |b cat | ||
| 245 | |a Ajuntament de Santa Margarida i els Monjos : |b informació municipal | ||
| 260 | |a Barcelona : |b Diputació de Barcelona ; |c 2018 | ||
| 300 | |a 1 fulletó ; 4 pàgs. ; |c 10 x 20 cm. | ||
| 650 | 0 | |9 56331 |a Serveis municipals |z Santa Margarida i els Monjos (Catalunya) | |
| 710 | 1 | |a Barcelona (Catalunya : Província). |b Àrea de Territori i Sostenibilitat |9 52770 | |
| 710 | 1 | |9 55486 |a Santa Margarida i els Monjos (Catalunya). |b Ajuntament | |
| 942 | |2 udc |c ARXIU |n 1 | ||
| 952 | |0 0 |1 0 |2 udc |4 0 |6 FU7550 |7 1 |9 66268 |a Arxiu |b Arxiu |d 2023-05-08 |l 0 |o FU-75-50 |p 27809 |r 2023-05-08 00:00:00 |w 2023-05-08 |y ARXIU | ||
| 999 | |c 83406 |d 83406 | ||